000 00460nam a2200181Ia 4500
001 18617
005 20260306171644.0
008 260306s9999||||xx |||||||||||||| ||und||
041 _aESP
082 _a658.4092
_bF54M
100 _aFischman, David
_eAUT
245 0 _aMotivacion 360:
_bcómo incrementarla en la vida y en la empresa
260 _c2015
300 _a322 páginas :
_c23 cm.
650 _aGEN
654 _aCAN
942 _cLIB
_dJUS
_fJUS
_2ddc
_n
999 _c18617
_d18617